Posidònia : els prats del fons del mar : la mirada del biòleg a un ecosistema mediterrani / Javier Romero ; il·lustracions: Jordi Corbera ; traducció catalana: M. Mercè Estévez els prats del fons del mar :
ISBN:
84-606-36-29-1
Publicado:
Badalona :
Ajuntament de Badalona. Àmbit de Medi Ambient, Sostenibilitat i Habitatge : Escola de Mar. Centre d'Estudis Marins de Badalona ,
2004
Descripción Física:
159 p. ; 24 cm
Colección:
Norai ; 9
MARC
| LEADER | 00000nam a2200000Ia 4500 | ||
|---|---|---|---|
| 001 | 20902 | ||
| 003 | BGR | ||
| 005 | 20260324175802.0 | ||
| 008 | 160829s2004 xx 000 0 cat d | ||
| 020 | |a 84-606-36-29-1 | ||
| 080 | |a C-3-126 | ||
| 100 | |a Romero Martinengo, Javier |9 41258 | ||
| 245 | |a Posidònia : |b els prats del fons del mar : |b la mirada del biòleg a un ecosistema mediterrani / Javier Romero ; il·lustracions: |b Jordi Corbera ; traducció catalana: |b M. Mercè Estévez | ||
| 260 | |a Badalona : |b Ajuntament de Badalona. Àmbit de Medi Ambient, Sostenibilitat i Habitatge : |b Escola de Mar. Centre d'Estudis Marins de Badalona, |c 2004 | ||
| 300 | |a 159 p. ; |c 24 cm | ||
| 490 | |a Norai ; 9 | ||
| 590 | |a Referències bibliogràfiques a cada capítol. | ||
| 590 | |a Amb el suport de l'Àrea de Medi Ambient de la Diputació de Barcelona. | ||
| 590 | |a Text en català i castellà | ||
| 650 | |a Posidònia |x Mediterrània (Mar) |9 41259 | ||
| 650 | |a Flora marina |x Mediterrània (Mar) |9 41260 | ||
| 650 | 0 | |a Ecologia marina |z Mediterrània, Mar |9 41261 | |
| 700 | 1 | |a Corbera, Jordi |e il·lustrador |9 27336 | |
| 700 | 1 | |a Estévez, M. Mercè |e traductor |9 41265 | |
| 710 | 1 | |a Badalona (Catalunya). |b Ajuntament |4 Àmbit de Medi Ambient, Sostenibilitat i Habitatge |9 51810 | |
| 710 | 1 | |a Escola del Mar (Badalona) |9 70787 | |
| 901 | |a Arxiu | ||
| 942 | |n 1 |2 udc |c MON | ||
| 952 | |0 0 |1 0 |4 0 |6 C3126 |7 1 |9 50113 |a Arxiu |b Arxiu |d 2016-12-01 |l 0 |o C-3-126 |p 20902 |r 2016-12-01 00:00:00 |w 2016-12-01 |y ARXIU | ||
| 999 | |c 53955 |d 53955 | ||